000
00316nam a22001457a 4500
003
SGT
082
_a
611
_b
H25C
100
_a
CHAURASIA, BD
245
_a
HUMAN ANATOMY: BRAIN NEUROLOGY VOL. 4
250
_a
10TH
260
_a
INDIA
_b
CBS PUB
_c
2025
300
_a
195
650
_a
HUMAN ANATOMY
942
_2
ddc
_c
BK
999
_c
33136
_d
33136